MARC details
| 000 -CABECERA |
| campo de control de longitud fija |
00895cam a2200217 a 4500 |
| 001 - NÚMERO DE CONTROL |
| campo de control |
000014606 |
| 005 - FECHA Y HORA DE LA ÚLTIMA TRANSACCIÓN |
| campo de control |
20200929163856.0 |
| 008 - DATOS DE LONGITUD FIJA--INFORMACIÓN GENERAL |
| campo de control de longitud fija |
920131s1966 ve b 000 0 spa d |
| 040 ## - FUENTE DE LA CATALOGACIÓN |
| Centro catalogador/agencia de origen |
DO-SdBNP |
| Lengua de catalogación |
spa |
| Centro/agencia transcriptor |
BNPHU |
| 082 ## - NÚMERO DE LA CLASIFICACIÓN DECIMAL DEWEY |
| Número de clasificación |
xxx |
| Número de documento/Ítem |
xxx |
| 100 1# - ENTRADA PRINCIPAL--NOMBRE DE PERSONA |
| Nombre de persona |
Bodin, Jean, |
| Fechas asociadas al nombre |
1530-1596. |
| 9 (RLIN) |
33071 |
| 245 14 - MENCIÓN DE TÍTULO |
| Título |
Los seis libros de la República / |
| Mención de responsabilidad, etc. |
J. Bodino ; selección, traducción e introducción de Pedro Bravo. |
| 260 ## - PUBLICACIÓN, DISTRIBUCIÓN, ETC. |
| Lugar de publicación, distribución, etc. |
Caracas : |
| Nombre del editor, distribuidor, etc. |
Instituto de Estudios Políticos ; |
| -- |
Facultad de Derecho ; |
| -- |
Universidad Central de Venezuela, |
| Fecha de publicación, distribución, etc. |
[1966]. |
| 300 ## - DESCRIPCIÓN FÍSICA |
| Extensión |
400 p. ; |
| Dimensiones |
24 cm. |
| 490 1# - MENCIÓN DE SERIE |
| Mención de serie |
Antologías del pensamiento político |
| Designación de volumen o secuencia |
7 |
| 504 ## - NOTA DE BIBLIOGRAFÍA, ETC. |
| Nota de bibliografía, etc. |
Incluye referencias bibliográficas: (p. 75-90). |
| 650 #0 - PUNTO DE ACCESO ADICIONAL DE MATERIA--TÉRMINO DE MATERIA |
| Término de materia o nombre geográfico como elemento de entrada |
Political science |
| Subdivisión general |
Early works to 1800. |
| 9 (RLIN) |
33072 |
| 650 #0 - PUNTO DE ACCESO ADICIONAL DE MATERIA--TÉRMINO DE MATERIA |
| Término de materia o nombre geográfico como elemento de entrada |
State, the |
| Subdivisión general |
Early works to 1800. |
| 9 (RLIN) |
33073 |
| 700 1# - PUNTO DE ACCESO ADICIONAL--NOMBRE DE PERSONA |
| Nombre de persona |
Bravo, Pedro. |
| 9 (RLIN) |
33074 |
| 830 #0 - PUNTO DE ACCESO ADICIONAL DE SERIE-TÍTULO UNIFORME |
| Título uniforme |
Antologías del pensamiento político ; |
| Designación de volumen o secuencia |
7 |
| 9 (RLIN) |
33075 |